| 000 | 00627nam a2200193Ia 4500 | ||
|---|---|---|---|
| 003 | GCL | ||
| 008 | 140319s9999 xx 000 0 ara d | ||
| 040 |
_aGCL / _cGCL |
||
| 082 | 0 | 4 |
_a909.08 _bف ت |
| 100 | 1 | _aفايز صالح ابوحايد | |
| 245 | 1 | 0 |
_aالتاريخ السياسى الحديث والعلاقات الدولية المعاصرة / _cفايز صالح ابوحايد |
| 300 | _a452 ص | ||
| 490 | _a | ||
| 650 | 0 | 4 | _aالعلاقات الخارجية |
| 650 | 0 | 4 | _aالتاريخ |
| 650 | 0 | 4 | _aالجغرافيا السياسية |
| 650 | 0 | 4 | _aالجغرافيا السياحية |
| 942 |
_2ddc _cBK |
||
| 999 |
_c41762 _d41762 |
||